Catalog

Record Details

Catalog Search



Trénink slovní zásoby pro každý věk  Cover Image Book Book

Trénink slovní zásoby pro každý věk / Jitka Suchá

Record details

  • ISBN: 978-80-262-0594-4 (brož.)
  • Physical Description: 175 s. ; 21 cm
  • Edition: Vyd. 1.
  • Publisher: Praha : Portál, 2014

Content descriptions

Bibliography, etc. Note:
Obsahuje bibliografii
Subject: čeština
slovní zásoba
jazykové hry
Czech language
vocabulary
language games
Genre: příručky
handbooks, manuals, etc

Available copies

  • 2 of 2 copies available at Common Catalog SPOK.

Holds

  • 0 current holds with 2 total copies.
Show Only Available Copies
Location Call Number / Copy Notes Barcode Shelving Location Status Due Date
Hospic Dobrého Pastýře OS
Tematická katagorie: Odborná - ostatní (OS)
2045957000961 Centrum denních služeb (CDS) Available -
Jabok Library Ped-9.3.2 424480035789 Odborná literatura Available -

LDR 01231nam a2200409 a 4500
00119168
003CZ-PrJAB
00520150907085757.0
007ta
008140203s2014 xr g f 000 0 cze
015 . ‡acnb002538419
020 . ‡a978-80-262-0594-4 (brož.)
035 . ‡a(CZ PrNK)nkc20142538419
035 . ‡a(OCoLC)879564071
040 . ‡aABA001 ‡bcze ‡dOLA001
072 7. ‡a811.162.3 ‡xČeština ‡2Konspekt ‡911
080 . ‡a811.162.3 ‡2MRF
080 . ‡a81'373 ‡2MRF
080 . ‡a81:371.382 ‡2MRF
080 . ‡a(035) ‡2MRF
1001 . ‡aSuchá, Jitka, ‡d1973 pros. 18.- ‡7mzk2005279555 ‡4aut
24510. ‡aTrénink slovní zásoby pro každý věk / ‡cJitka Suchá
250 . ‡aVyd. 1.
260 . ‡aPraha : ‡bPortál, ‡c2014
300 . ‡a175 s. ; ‡c21 cm
504 . ‡aObsahuje bibliografii
65007. ‡ačeština ‡7ph135292 ‡2czenas
65007. ‡aslovní zásoba ‡7ph166083 ‡2czenas
65007. ‡ajazykové hry ‡7ph175735 ‡2czenas
65009. ‡aCzech language ‡2eczenas
65009. ‡avocabulary ‡2eczenas
65009. ‡alanguage games ‡2eczenas
655 7. ‡apříručky ‡7fd133209 ‡2czenas
655 9. ‡ahandbooks, manuals, etc ‡2eczenas
910 . ‡aABG312
901 . ‡a19168 ‡b ‡c19168 ‡tbiblio

Additional Resources